01198nam a2200193Ia 4500001001100000003001000011008004100021040002500062041001300087100002000100245011600120250001100236260009200247300001200339500026200351501011400613520026200727650001500989L513-25850IT-CnALBA170116s9999||||xx |||||||||||||| ||und|| aIT-CnALBAcIT-CnALBA aITALIANO aNEGRI & PATRONI 0aLA CONTABILITÀ CON L'ELABORATORE. PER ISTITUTI TECNICI COMMERCIALI, ISTITUTI TECNICI PER PERITI AZIENDALI...  a1a ed. a BRESSO (MILANO)bTRAMONTANA - EDIZIONI c1984 [1° Ed.:1984 - Ed.Ling.Originale: 1984] a150 p.  a... PER ISTITUTI PROFESSIONALI PER IL COMMERCIO. PRESENTAZIONE. USO DELL'ELABORATORE ELETTRONICO. CARICAMENTO DEGLI ARCHIVI. CONTABILITÀ INTEGRATA. ADEMPIMENTI IVA. REGISTRAZIONE DI MAGAZZINO. STATISTICHE ED ELENCHI VARI. ESERCITAZIONI CON L'ELABORATORE.  aSocietà San Paolo EM - Piazza San Paolo, 14 - 12051 ALBA (CN) (non commercial uses only) ® Copyright 2017 a... PER ISTITUTI PROFESSIONALI PER IL COMMERCIO. PRESENTAZIONE. USO DELL'ELABORATORE ELETTRONICO. CARICAMENTO DEGLI ARCHIVI. CONTABILITÀ INTEGRATA. ADEMPIMENTI IVA. REGISTRAZIONE DI MAGAZZINO. STATISTICHE ED ELENCHI VARI. ESERCITAZIONI CON L'ELABORATORE.  aARITMETICA